000 00790 a2200241 4500
001 44952
005 20260407155724.0
008 260407a1996 arg spa d
003 AR-UNSa-BCEJYS
040 _aAR-UNSa-BCEJYS
_bspa
_cAR-UNSa-BCEJYS
080 _a342.7-055.2
_xDerechos de las Mujeres
245 1 0 _aLos derechos de la mujeres
020 _a987-95490-4-X
264 1 _aBuenos Aires :
_bUNICEF
_c1996
300 _a94 p.
_c25 cm.
505 _aPRIMERA PARTE: Derechos fundamentales -- SEGUNDA PARTE: 2. Matrimonio.
041 _aspa
942 _cBK
590 _aniveau_biblio:m niveau_hierar:0
100 1 _aMendoza. Instituto de la Mujer
700 1 _aUNICEF
856 4 1 _uhttps://www.biblioeco.unsa.edu.ar/pmb/images/libros/L127055.jpg
_yImagen de portada
_qimage/jpeg
999 _c3871
_d3871